01262cam a2200277 a 450000500170000000800410001704000350005804100080009304400070010108200210010811000450012924501340017426000400030830000430034850400590039165000380045065000320048865000380052070000370055870000310059570000340062694200150066099900130067595201750068895201210086320191224041530.0030228s1982 ck d r 000 0 spa d aCO-BoPUJcCO-BoIAVHdCO-BoIAVH0 aspa ack04a631.409861bI59m2 aInstituto Geográfico Agustín Codazzi14aMapa de suelos de Colombiab(Memoria explicativa)cInstituto Geogáfico Agustín Codazzi ; Abdón Cortés Lombana [y otros 3] aBogotá, Colombia : bIGAC,c1982. a86 páginas :btablas ; c24 x 17 cm. aIncluye referencias bibliográficas: páginas 27-31.24aComposición de sueloszColombia24aEstudio de sueloszColombia24aSuelosvClasificaciónzColombia1 aCortés Lombana, Abdóneautor1 aGuevara Cruz, Jaimeeautor1 aCortés B., Miguel A.eautor 2ddccLIBRO c465d465 00102ddc40708GENERALIINV2017aVenadobVenadod1998-07-01eInstitutog50000.00l0oLB-631.409861 I59mp000637r2012-12-04 00:00:00tEj. 1w2012-12-04xDonacionyLIBRO 00102z40708GENERALaVillabVillad2006-09-28l0oLB-00446p023339r2012-12-04 00:00:00tEj. 1w2012-12-04yLIBRO